Advanced Accountancy: corporate accounting. (Record no. 159536)
[ view plain ]
| 000 -LEADER | |
|---|---|
| fixed length control field | 00585nam a2200217Ia 4500 |
| 003 - CONTROL NUMBER IDENTIFIER | |
| control field | OSt |
| 005 - DATE AND TIME OF LATEST TRANSACTION | |
| control field | 20230421151914.0 |
| 008 - FIXED-LENGTH DATA ELEMENTS--GENERAL INFORMATION | |
| fixed length control field | 210423s2011 xx 000 0 und d |
| 020 ## - INTERNATIONAL STANDARD BOOK NUMBER | |
| International Standard Book Number | 9789327214017 |
| 040 ## - CATALOGING SOURCE | |
| Transcribing agency | AL |
| 041 ## - LANGUAGE CODE | |
| Language code of text/sound track or separate title | eng |
| 082 ## - DEWEY DECIMAL CLASSIFICATION NUMBER | |
| Classification number | 657.046 JAIS |
| 100 ## - MAIN ENTRY--PERSONAL NAME | |
| Personal name | JAIN (S P);NARANG (K L). |
| 9 (RLIN) | 38158 |
| 245 ## - TITLE STATEMENT | |
| Title | Advanced Accountancy: corporate accounting. |
| 260 ## - PUBLICATION, DISTRIBUTION, ETC. | |
| Place of publication, distribution, etc. | New Delhi |
| Name of publisher, distributor, etc. | Kalyani Publishers |
| Date of publication, distribution, etc. | 2011 |
| 300 ## - PHYSICAL DESCRIPTION | |
| Extent | xxii,II-1307 |
| Other physical details | PB |
| 365 ## - TRADE PRICE | |
| Price amount | 395 |
| Currency code | INR |
| 440 ## - SERIES STATEMENT/ADDED ENTRY--TITLE | |
| Volume/sequential designation | 2 |
| 906 ## - LOCAL DATA ELEMENT F, LDF (RLIN) | |
| a | Accountancy: ; accounting. ; Advanced ; corporate ; V2. |
| 942 ## - ADDED ENTRY ELEMENTS (KOHA) | |
| Source of classification or shelving scheme | Dewey Decimal Classification |
| Koha item type | Book |
| Withdrawn status | Lost status | Damaged status | Not for loan | Collection code | Home library | Current library | Date acquired | Source of acquisition | Cost, normal purchase price | Total Checkouts | Full call number | Barcode | Date last seen | Price effective from | Koha item type | Date last checked out |
|---|---|---|---|---|---|---|---|---|---|---|---|---|---|---|---|---|
| M Com | St Aloysius PG Library | St Aloysius PG Library | 07/12/2011 | Athulya Books | 395.00 | 657.046 JAIS | PG006014 | 08/24/2022 | 04/26/2021 | Book | ||||||
| M Com | St Aloysius PG Library | St Aloysius PG Library | 03/19/2012 | Knowledge World | 395.00 | 3 | 657.046 JAIS | PG006978 | 08/24/2022 | 04/26/2021 | Book | 07/06/2022 | ||||
| M Com | St Aloysius PG Library | St Aloysius PG Library | 03/19/2012 | Knowledge World | 395.00 | 3 | 657.046 JAIS | PG006979 | 05/25/2023 | 04/26/2021 | Book | 05/15/2023 | ||||
| M Com | St Aloysius PG Library | St Aloysius PG Library | 03/19/2012 | Knowledge World | 395.00 | 4 | 657.046 JAIS | PG006980 | 05/25/2023 | 04/26/2021 | Book | 05/15/2023 |